Catálogo público

Análisis de la vegetación en el hábitat de la tortuga del bolsón (Gopherus flavomarginatus Legler) (Record no. 99782)

MARC details
000 -CABECERA
campo de control de longitud fija 03562nam a2200457 a 4500
003 - IDENTIFICADOR DEL NÚMERO DE CONTROL
campo de control CHAP
005 - FECHA Y HORA DE LA ÚLTIMA TRANSACCIÓN
campo de control 20241007110755.0
007 - CAMPO FIJO DE DESCRIPCIÓN FÍSICA--INFORMACIÓN GENERAL
campo de control de longitud fija cr ||||||a|c|a
008 - DATOS DE LONGITUD FIJA--INFORMACIÓN GENERAL
campo de control de longitud fija 101112s2010 mx r 00010 spa d
035 ## - NÚMERO DE CONTROL DEL SISTEMA
Número de control de sistema 111440
040 ## - FUENTE DE LA CATALOGACIÓN
Centro/agencia transcriptor CHAP
090 ## - LOCALMENTE ASIGNADO TIPO-LC NÚMERO DE CLASIFICACIÓN (OCLC); NÚMERO DE CLASIFICACIÓN LOCAL (RLIN)
Número de clasificación (OCLC) (R) ; Numero de clasificación, CALL (RLIN) (NR) Tesis
100 1# - ENTRADA PRINCIPAL--NOMBRE DE PERSONA
Nombre de persona Zárate Martínez, Alicia.
9 (RLIN) 124115
245 10 - MENCIÓN DE TÍTULO
Título Análisis de la vegetación en el hábitat de la tortuga del bolsón (Gopherus flavomarginatus Legler)
Mención de responsabilidad, etc. /por Alicia Zárate Martínez; director de tesis Heriberto Ramírez Carballo.
264 #1 - PRODUCCIÓN, PUBLICACIÓN, DISTRIBUCIÓN, FABRICACIÓN Y COPYRIGHT
Producción, publicación, distribución, fabricación y copyright Bermejillo, Dgo. :
Nombre del de productor, editor, distribuidor, fabricante El autor,
Fecha de producción, publicación, distribución, fabricación o copyright 2010.
300 ## - DESCRIPCIÓN FÍSICA
Extensión 1 recurso en línea (92 páginas):
Otras características físicas cuadros, figuras.
336 ## - TIPO DE CONTENIDO
Fuente rdacontent
Término de tipo de contenido texto
Código de tipo de contenido txt
337 ## - TIPO DE MEDIO
Fuente rdamedia
Nombre/término del tipo de medio computadora
Código del tipo de medio c
338 ## - TIPO DE SOPORTE
Fuente rdacarrier
Nombre/término del tipo de soporte recursos en línea
Código del tipo de soporte cr
502 ## - NOTA DE TESIS
Tipo de título Ingeniería en Sistemas Agrícolas
Nombre de la institución que otorga el título Unidad Regional Universitaria de Zonas Áridas,
Año de obtención del título 2010.
Información miscelánea Licenciatura
520 ## - SUMARIO, ETC.
Sumario, etc. En la Reserva de la Biosfera Mapimí se analizó la cobertura vegetal en 4 cuadrantes de 100 hectáreas con presencia de tortuga del bolsón para determinar la relación de las madrigueras activas con la estructura de la vegetación y las plantas pertenecientes a la dieta de la especie. Con el apoyo de 7-10 personas se llevó a cabo un barrido del cuadrante para obtener el número aproximado de madrigueras activas y plantas presentes en un diámetro de 3 metros. Mediante el uso de la metodología de Korb y Fulé (2008), se realizó un muestreo sistemático de 30 líneas para obtener los datos de vegetación. En cada línea se trazaron áreas de utilización (AU) de 5 ha, de acuerdo al ámbito hogareño de la especie. En las AU´s se obtuvieron las madrigueras activas, porcentajes de estrato arbustivo y herbáceo. Se realizaron correlaciones de Pearson y análisis de frecuencias. Los resultados mostraron que en tres cuadrantes las madrigueras activas disminuyeron cuando las coberturas arbustivas son mayores al 10, 15 y 20%. Un cuadrante presentó tendencia de madrigueras activas con el estrato herbáceo. Otro no mostró ningún tipo de relación. De acuerdo con lo anterior la actividad que se desarrolla en las madrigueras no está definida por la presencia de las plantas pertenecientes a su dieta ubicadas en la cercanía de sus madrigueras y/o en el ámbito hogareño, pero el tipo de estructura vegetal si puede llegar a definirla. Se presentaron correlaciones con hierbas no registradas en la alimentación de la tortuga. Se deben conservar los arbustos presentes por su importancia ecológica, pero evitar su aumento. Conservar los pastizales cercanos a las madrigueras ya que de allí obtienen la mayor parte de su alimento y brindan las condiciones para que crezcan hierbas y pastos anuales, especies muy apetecibles por las tortugas
650 14 - PUNTO DE ACCESO ADICIONAL DE MATERIA--TÉRMINO DE MATERIA
Término de materia o nombre geográfico como elemento de entrada Ecología vegetal.
9 (RLIN) 35188
650 14 - PUNTO DE ACCESO ADICIONAL DE MATERIA--TÉRMINO DE MATERIA
Término de materia o nombre geográfico como elemento de entrada Habitat
Subdivisión general Conservación.
9 (RLIN) 52148
650 14 - PUNTO DE ACCESO ADICIONAL DE MATERIA--TÉRMINO DE MATERIA
Término de materia o nombre geográfico como elemento de entrada Reserva de la Biósfera de Mapimí, Dgo.
9 (RLIN) 96093
650 14 - PUNTO DE ACCESO ADICIONAL DE MATERIA--TÉRMINO DE MATERIA
Término de materia o nombre geográfico como elemento de entrada Tortuga.
9 (RLIN) 114332
700 1# - PUNTO DE ACCESO ADICIONAL--NOMBRE DE PERSONA
Nombre de persona Ramírez Carballo, Heriberto
9 (RLIN) 93912
Término indicativo de función/relación Director de tesis.
856 ## - LOCALIZACIÓN Y ACCESO ELECTRÓNICOS
Identificador Uniforme del Recurso http://10.13.5.2/tesis/111440.pdf
Nota pública DESCARGAR PDF
942 ## - ELEMENTOS DE PUNTO DE ACCESO ADICIONAL (KOHA)
Tipo de ítem Koha Tesis digital
Fuente del sistema de clasificación o colocación Clasificación Universidad Autónoma Chapingo
590 ## - NOTA LOCAL (RLIN)
Nota local ALEPH
Procedencia (VM) [OBSOLETO] 10
Condición del los carretes individuales (VM) [OBSOLETO] 20130110
590 ## - NOTA LOCAL (RLIN)
Nota local BATCH-UPD
Procedencia (VM) [OBSOLETO] 10
Condición del los carretes individuales (VM) [OBSOLETO] 20130110
590 ## - NOTA LOCAL (RLIN)
Nota local BATCH-UPD
Procedencia (VM) [OBSOLETO] 10
Condición del los carretes individuales (VM) [OBSOLETO] 20130410
590 ## - NOTA LOCAL (RLIN)
Nota local BATCH-UPD
Procedencia (VM) [OBSOLETO] 10
Condición del los carretes individuales (VM) [OBSOLETO] 20130914
590 ## - NOTA LOCAL (RLIN)
Nota local BATCH-UPD
Procedencia (VM) [OBSOLETO] 10
Condición del los carretes individuales (VM) [OBSOLETO] 20140324
590 ## - NOTA LOCAL (RLIN)
Nota local BATCH-UPD
Procedencia (VM) [OBSOLETO] 10
Condición del los carretes individuales (VM) [OBSOLETO] 20141002
590 ## - NOTA LOCAL (RLIN)
Nota local CONVERSION
Procedencia (VM) [OBSOLETO] 10
Condición del los carretes individuales (VM) [OBSOLETO] 20130109
901 ## - ELEMENTOS DE DATOS A LOCAL LDA (RLIN)
a BK
949 ## - PROCESAMIENTO DE INFORMACIÓN LOCAL (OCLC)
a Tesis
b BC
c TES
d 33724002220405
e TS2
f c.2
g DonaciØn
h 51407
i 111440
s b
949 ## - PROCESAMIENTO DE INFORMACIÓN LOCAL (OCLC)
a Tesis
b BC
c TES
d 33724002220439
e TS1
g DonaciØn
h 51406
i 111440
s b
Holdings
Estado de retiro Estado de pérdida Fuente del sistema de clasificación o colocación Estado dañado Restricciones de uso No para préstamo Código de colección Localización permanente Ubicación/localización actual Ubicación en estantería Fecha de adquisición Total de préstamos Signatura topográfica completa Fecha visto por última vez Precio válido a partir de Tipo de ítem Koha
    Clasificación Universidad Autónoma de Chapingo   Préstamo interno   Tesis digitales de Licenciatura Biblioteca Digital Biblioteca Digital En línea 31/12/2019   Tesis digital 31/12/2019 31/12/2019 Tesis digital